00498cam a2200169Ia 4500020001500000040000800015082002700023100001700050245004700067246004200114260004100156300003500197490001500232500002300247500004000270650001800310 a0590762524 cJDP a813 SCH 1998 A094 Or.1 aStine, R. L.10aThree shocking tales of terror :bbook 2 /3 a3 shocking tales of terror : book two aNew York :bScholastic Inc.,cc1998. aviii, 159 p. :bill. ;c20 cm.1 aGoosebumps a"Apple paperback." a"Parachute Press book"--T.p. verso. 0aHorror tales.